فرقة الموسيقى العربية
محفوظ في:
مؤلف مشترك:
التنسيق: كتاب
اللغة: Undetermined
منشور في:
Cairo
Dar Al-Amin
1970
الوسوم: إضافة وسم
لا توجد وسوم, كن أول من يضع وسما على هذه التسجيلة!
رقم الطلب:
| LEADER | 00332nam a2200109Ia 4500 | ||
|---|---|---|---|
| 008 | 240503s9999||||xx |||||||||||||| ||und|| | ||
| 245 | 1 | 0 | |a فرقة الموسيقى العربية |
| 264 | 1 | |a Cairo |b Dar Al-Amin |c 1970 | |
| 300 | |a 24 |c 21 | ||
| 710 | 2 | |a Ministry of Culture, Theater, Music and Popular Arts Authority | |
| 942 | |2 lcc |c BK | ||
| 999 | |c 58336 |d 58336 | ||
